| 000 | 00803nam a22002537a 4500 | ||
|---|---|---|---|
| 003 | 0 | ||
| 005 | 20180630125040.0 | ||
| 008 | 0 | ||
| 010 | _aA-735288 | ||
| 020 | _c00.00 | ||
| 035 | _aA-735288, a-711444 | ||
| 037 | _bCen Lib/Ret | ||
| 040 |
_aDPL _bEN _c0 |
||
| 082 |
_a954.11 _bTAV |
||
| 100 |
_aTavleen Singh _927872 |
||
| 245 |
_aKashmir : _cby Tavleen Singh _ba tragedy of errors / |
||
| 260 |
_bPenguin Books India _aNew Delhi _c1995 |
||
| 270 |
_a210 Chiranjiv Tower, 43 Nehru Place _bNew Delhi _e110019 |
||
| 300 |
_axviii,253p. : _c21cm(Hb) _bill. |
||
| 500 | _aIncludes bibliographical references and index | ||
| 650 |
_aPolitical crimes and offenses _927873 |
||
| 650 |
_aJammu and Kashmir (India) -- Politics and government _927874 |
||
| 942 |
_2ddc _cEN _h954.11 _mTAV |
||
| 999 |
_c129950 _d129950 |
||